Statistics for Countries by number of borders #TOP3

Click here to take the quiz!

General Stats

  • This quiz has been taken 11 times
  • The average score is 11 of 15

Answer Stats

HintAnswer% Correct
0 borders #1Australia
100%
0 borders #2Madagascar
100%
1 border #1Canada
91%
0 borders #3Japan
91%
2 borders #1United States
91%
4+ borders #3Brazil
82%
4+ borders #1Russia
82%
4+ borders #2China
73%
3 borders #1Mexico
73%
2 borders #2Mongolia
73%
1 border #2Papua New Guinea
73%
3 borders #2Indonesia
64%
1 border #3United Kingdom
64%
3 borders #3Venezuela
27%
2 borders #3Yemen
27%

Score Distribution

Percentile by Number Answered

Percent of People with Each Score

Your Score History

You have not taken this quiz